BIBLIOTECA

SENCICO

Energía Cero : estética y tecnología con estrategias y dispositivos de ahorro y generación de energía alternativos (Registro nro. 850)

Detalles MARC
000 -LEADER
fixed length control field 00693nam a2200265Ia 4500
005 - DATE AND TIME OF LATEST TRANSACTION
control field 20251020182451.0
008 - FIXED-LENGTH DATA ELEMENTS--GENERAL INFORMATION
fixed length control field 200515s9999 xx 000 0 und d
020 ## - INTERNATIONAL STANDARD BOOK NUMBER
International Standard Book Number 978-84-9801-480-8
082 ## - DEWEY DECIMAL CLASSIFICATION NUMBER
Classification number 621.221/G98
100 ## - MAIN ENTRY--PERSONAL NAME
Personal name Guzowski, Mary
245 #0 - TITLE STATEMENT
Title Energía Cero : estética y tecnología con estrategias y dispositivos de ahorro y generación de energía alternativos
250 ## - EDITION STATEMENT
Edition statement 1a ed.
260 ## - PUBLICATION, DISTRIBUTION, ETC.
Place of publication, distribution, etc. Barcelona
260 ## - PUBLICATION, DISTRIBUTION, ETC.
Name of publisher, distributor, etc. BLUME
260 ## - PUBLICATION, DISTRIBUTION, ETC.
Date of publication, distribution, etc. 2010
300 ## - PHYSICAL DESCRIPTION
Extent 208 p.
300 ## - PHYSICAL DESCRIPTION
Other physical details il., tbl., graf.
500 ## - GENERAL NOTE
General note 2 ejemplares
650 ## - SUBJECT ADDED ENTRY--TOPICAL TERM
Topical term or geographic name entry element ENERGIA
650 ## - SUBJECT ADDED ENTRY--TOPICAL TERM
Topical term or geographic name entry element ENERGIA ALTERNATIVA
650 ## - SUBJECT ADDED ENTRY--TOPICAL TERM
Topical term or geographic name entry element ENERGIA SOLAR
942 ## - ADDED ENTRY ELEMENTS (KOHA)
Koha item type Libros
Existencias
Fecha de la última vez que lo usaron Pago total Signatura topográfica completa Código de barras Precio efectivo desde Tipo de documento Estado perdido Estado dañado No es para préstamo Retirado Ubicación permanente Ubicación actual Fecha de adquisición Número de ejemplar
15/05/2020   621.221/G98 Bib-Lima15050850 15/05/2020 Libros         Biblioteca Central Lima Biblioteca Central Lima 15/05/2020  
15/05/2020   621.221/G98 Bib-Lima16050850 15/05/2020 Libros         Biblioteca Central Lima Biblioteca Central Lima 15/05/2020 Ej.2